| 000 | 00515nam a2200193 a 4500 | ||
|---|---|---|---|
| 005 | 20240925064019.0 | ||
| 008 | 060517s2002 mx r 000 0 spa d | ||
| 020 | _a9681105249 | ||
| 035 | _aUPN01000144494 | ||
| 049 | _aCG | ||
| 050 | 4 |
_aHQ1233 _bM4.6 |
|
| 100 | 1 |
_aMerkin, Marta, _d1947- |
|
| 245 | 1 | 1 |
_a¿Qué tienen las mujeres en la cabeza? / _cMarta Merkin. |
| 260 |
_aMéxico : _bPlaza & Janés, _c2002. |
||
| 300 | _a275 p. | ||
| 440 | 4 | _a¿El sexo débil? | |
| 650 | 2 |
_aMujeres _97160 |
|
| 905 | _aLibro | ||
| 999 |
_c116641 _d116641 |
||